| 000 | 00435nam a22001697a 4500 | ||
|---|---|---|---|
| 999 |
_c5671 _d5671 |
||
| 003 | OSt | ||
| 005 | 20190108193733.0 | ||
| 008 | 190108b ||||| |||| 00| 0 eng d | ||
| 040 | _cDLC | ||
| 082 |
_a234 _bD211F |
||
| 100 | _aDaoud, M.A. | ||
| 245 |
_aFaith / _cBy M.A.Daoud. |
||
| 260 |
_aTexas, USA : _bInspiring Devotional Books, _cc1955. |
||
| 300 | _a30 p.: | ||
| 650 |
_aHow To Receive Faith _xHow To Exercise It |
||
| 942 |
_2ddc _cBK |
||